00283nam a2200097Ia 4500008004100000041001200041082001500053245009900068260000900167650000900176221030s9999 xx 000 0 und d aEnglish a105.23bBE 0aNeural Networks & Fuzzy Systems - A Dynamical Systems Approach to Machine IntelligencebFLOPPY c2000 aBook